000 00765nmc a2200265 a 4500
003 AR-BaBNM
005 20251128202812.0
008 027019s1969 ||||||||||||||000 | spa||
040 _cAR-BaBNM
100 1 _aMacchi, Manuel E.
245 1 0 _aUrquiza y el catolicismo
260 _aSanta Fe
_bCastellvi
_c1969
300 0 _a154 p.
_bláms.
490 0 _aSerie 3
_vv. 8
500 0 _aContiene apéndice para consultar p. 132-152
600 1 4 _aUrquiza, Justo José de
_d1801-1870
610 2 4 _aIGLESIA CATOLICA
650 4 _aHISTORIA DE LAS RELIGIONES
650 4 _aPRESIDENCIAS ARGENTINAS
650 4 _aHISTORIA DE LAS IDEAS
650 4 _aIGLESIA CATOLICA
710 2 _aMuseo y Monumento Nacional Justo José de Urquiza
942 _cBK
998 _cmariana
999 _c644
_d644